| 000 | 00616nam a2200217Ia 4500 | ||
|---|---|---|---|
| 008 | 160803s9999 xx 000 0 und d | ||
| 020 | _a978-0064407687 | ||
| 100 | _aSnicket, Lemony | ||
| 245 | 4 | _aThe Wide window / | |
| 245 | _cby Lemony Snicket ; illustrations by Brett Helquist. | ||
| 260 | _aNew York : | ||
| 260 | _bScholastic Inc. | ||
| 260 | _c2000 | ||
| 300 | _a214 pages : | ||
| 300 | _billustrations ; | ||
| 300 | _c19 cm. | ||
| 440 | _aA series of unfortunate events ; | ||
| 440 | _vbk. 3 | ||
| 500 | _aOriginally published: New York : HarperCollins Publishers, c2000. | ||
| 700 | _a1150 | ||
| 999 |
_c298556 _d298556 |
||